[Event "18th HZ Open 2014"]
[Site "Vlissingen NED"]
[Date "2014.08.02"]
[Round "1.29"]
[White "Bekedam, Tyro"]
[Black "Timmermans, M."]
[Result "0-1"]
[WhiteElo "1862"]
[BlackElo "2320"]
[PlyCount "55"]
[EventDate "2014.08.02"]
[EventType "swiss"]
[EventRounds "9"]
[EventCountry "NED"]
[Source "Mark Crowther"]
[SourceDate "2014.08.04"]

1. e4 e5 2. Nf3 Nc6 3. d4 exd4 4. Nxd4 Nf6 5. Nc3 Bb4 6. Nxc6 bxc6 7. Bd3 d5 8.
exd5 O-O 9. O-O cxd5 10. Bg5 c6 11. Qf3 Bd6 12. h3 h6 13. Bh4 Rb8 14. Rab1 Rb4
15. Bg3 Re8 16. a3 Rb7 17. Ne2 Ne4 18. Bxe4 Rxe4 19. Rfd1 Re8 20. c4 Bxg3 21.
cxd5 Bb8 22. Nc3 cxd5 23. Rxd5 Rd7 24. Rb5 Ba6 25. Rb4 Qc7 26. g3 Bb7 27. Qf4
Qc6 28. h4 0-1

[Event "18th HZ Open 2014"]
[Site "Vlissingen NED"]
[Date "2014.08.02"]
[Round "1.30"]
[White "Verstraeten, R."]
[Black "Hammann, Jonas"]
[Result "1-0"]
[WhiteElo "2298"]
[BlackElo "1860"]
[PlyCount "73"]
[EventDate "2014.08.02"]
[EventType "swiss"]
[EventRounds "9"]
[EventCountry "NED"]
[Source "Mark Crowther"]
[SourceDate "2014.08.04"]

1. e4 c5 2. Nf3 Nc6 3. d4 cxd4 4. Nxd4 e5 5. Nb5 d6 6. c4 Be7 7. Be2 Nf6 8.
N1c3 a6 9. Na3 O-O 10. O-O Be6 11. Be3 Rc8 12. Qd2 Nd7 13. Nd5 Nc5 14. f3 f5
15. exf5 Rxf5 16. b4 Nd7 17. Bd3 Rf7 18. Be4 Bf6 19. Rfd1 Nd4 20. Qd3 g6 21.
Nxf6+ Nxf6 22. Bxd4 exd4 23. Qxd4 Nxe4 24. Qxe4 Qf6 25. Qd4 Qxd4+ 26. Rxd4 Rfc7
27. Rc1 d5 28. Re1 Bf7 29. cxd5 Rc3 30. Nb1 Rc1 31. Rdd1 R1c2 32. d6 Rxa2 33.
Nc3 Rc2 34. Ne4 Rb2 35. Rd4 Kg7 36. d7 Rd8 37. Nc5 1-0

[Event "18th HZ Open 2014"]
[Site "Vlissingen NED"]
[Date "2014.08.02"]
[Round "1.31"]
[White "Westerweele, M."]
[Black "Pucher, S."]
[Result "0-1"]
[WhiteElo "1860"]
[BlackElo "2293"]
[PlyCount "88"]
[EventDate "2014.08.02"]
[EventType "swiss"]
[EventRounds "9"]
[EventCountry "NED"]
[Source "Mark Crowther"]
[SourceDate "2014.08.04"]

1. e4 c5 2. c3 Nf6 3. e5 Nd5 4. d4 cxd4 5. Nf3 e6 6. cxd4 d6 7. Bc4 Nc6 8. O-O
Be7 9. Qe2 O-O 10. Nc3 Nxc3 11. bxc3 dxe5 12. dxe5 Qa5 13. Re1 Rd8 14. Rb1 Rb8
15. Bd2 Bd7 16. Bd3 Be8 17. Qe4 g6 18. a4 Qd5 19. Bc2 Qxe4 20. Rxe4 Na5 21. Be3
b6 22. Rd1 Rdc8 23. Bd4 Rc7 24. h4 Rbc8 25. Rd3 Nc4 26. h5 Nb2 27. hxg6 hxg6
28. Rd2 Nxa4 29. Bxa4 Bxa4 30. Nh2 Bc6 31. Re1 Rd7 32. Ng4 Rcd8 33. Nf6+ Bxf6
34. exf6 Rd5 35. Rde2 Rg5 36. f4 Rg4 37. Rf2 g5 38. fxg5 Rxg5 39. Ra1 Rd7 40.
Re1 Kh7 41. Re3 Rdd5 42. Kh2 Kg6 43. Rg3 Rxg3 44. Kxg3 e5 0-1

[Event "18th HZ Open 2014"]
[Site "Vlissingen NED"]
[Date "2014.08.02"]
[Round "1.32"]
[White "Bezemer, A."]
[Black "Freer, R."]
[Result "1/2-1/2"]
[WhiteElo "2287"]
[BlackElo "1854"]
[PlyCount "39"]
[EventDate "2014.08.02"]
[EventType "swiss"]
[EventRounds "9"]
[EventCountry "NED"]
[Source "Mark Crowther"]
[SourceDate "2014.08.04"]

1. d4 Nf6 2. c4 g6 3. Nc3 Bg7 4. e4 d6 5. f4 O-O 6. Nf3 c5 7. d5 e6 8. Be2 exd5
9. cxd5 Re8 10. e5 dxe5 11. fxe5 Ng4 12. e6 fxe6 13. d6 Bd7 14. O-O Nc6 15. Ne4
h6 16. Nxc5 Qb6 17. Qc2 Rac8 18. Kh1 Na5 19. Be3 Qxd6 20. Qd1 1/2-1/2

[Event "18th HZ Open 2014"]
[Site "Vlissingen NED"]
[Date "2014.08.02"]
[Round "1.33"]
[White "Densing, G."]
[Black "Mostertman, M."]
[Result "0-1"]
[WhiteElo "1852"]
[BlackElo "2284"]
[PlyCount "84"]
[EventDate "2014.08.02"]
[EventType "swiss"]
[EventRounds "9"]
[EventCountry "NED"]
[Source "Mark Crowther"]
[SourceDate "2014.08.04"]

1. d4 Nf6 2. Nf3 e6 3. e3 b6 4. Bd3 Bb7 5. O-O d6 6. b3 Nbd7 7. Bb2 c5 8. c4
cxd4 9. exd4 d5 10. Nbd2 Be7 11. Re1 O-O 12. a3 Re8 13. Ne5 Bf8 14. Rc1 a6 15.
Nxd7 Nxd7 16. Re3 g6 17. f4 Bh6 18. g3 Bg7 19. Nf3 dxc4 20. bxc4 Nf6 21. Ne5
Rc8 22. Qb3 b5 23. c5 Nd5 24. Ree1 Ne7 25. Be4 Bxe4 26. Rxe4 Nc6 27. Rd1 Na5
28. Qc2 Qd5 29. Bc3 Nc4 30. Nxc4 bxc4 31. Re2 Red8 32. Red2 Rb8 33. Rb1 Rb3 34.
Rxb3 cxb3 35. Qd1 a5 36. Bb2 a4 37. Kf2 Qe4 38. Rd3 h5 39. h4 Qd5 40. Qd2 Bf8
41. Ke3 e5 42. fxe5 Bh6+ 0-1

[Event "18th HZ Open 2014"]
[Site "Vlissingen NED"]
[Date "2014.08.02"]
[Round "1.34"]
[White "Zwirs, Nico"]
[Black "Schoor, Carl"]
[Result "1-0"]
[WhiteElo "2284"]
[BlackElo "1850"]
[PlyCount "85"]
[EventDate "2014.08.02"]
[EventType "swiss"]
[EventRounds "9"]
[EventCountry "NED"]
[Source "Mark Crowther"]
[SourceDate "2014.08.04"]

1. e4 e5 2. Nf3 Nc6 3. Nc3 Nf6 4. a3 a5 5. d4 exd4 6. Nxd4 Nxd4 7. Qxd4 d6 8.
Bc4 Be7 9. O-O O-O 10. Bg5 h6 11. Bh4 Be6 12. Rad1 Ne8 13. Bxe7 Qxe7 14. f4
Bxc4 15. Qxc4 Nf6 16. Rfe1 c6 17. Qd4 Rfd8 18. Rd3 c5 19. Qc4 Qc7 20. a4 Rac8
21. Nb5 Qe7 22. Nc3 Qc7 23. Rf3 Qb6 24. b3 Qc6 25. e5 d5 26. Qe2 Ne8 27. f5 c4
28. Rg3 Qc5+ 29. Kh1 d4 30. Nb5 cxb3 31. cxb3 Qc2 32. Qd3 Qb2 33. Rg4 Rc1 34.
Rge4 Rc2 35. e6 f6 36. Rg1 Rdc8 37. Qxd4 Qxb3 38. Ree1 Qc4 39. Qd7 Qc6 40. Nd4
Qc3 41. Nxc2 Qxc2 42. h3 Qc6 43. Rc1 1-0

[Event "18th HZ Open 2014"]
[Site "Vlissingen NED"]
[Date "2014.08.02"]
[Round "1.35"]
[White "Leentjens, G."]
[Black "Afek, Y."]
[Result "0-1"]
[WhiteElo "1846"]
[BlackElo "2282"]
[PlyCount "100"]
[EventDate "2014.08.02"]
[EventType "swiss"]
[EventRounds "9"]
[EventCountry "NED"]
[Source "Mark Crowther"]
[SourceDate "2014.08.04"]

1. e4 c5 2. Nc3 a6 3. g3 b5 4. Bg2 Bb7 5. d3 e6 6. f4 Nf6 7. Nf3 d6 8. O-O Be7
9. Qe1 O-O 10. h3 Nc6 11. Be3 Rc8 12. Rb1 d5 13. e5 Nd7 14. Bf2 Qb6 15. Qd2 f6
16. exf6 Bxf6 17. Rfe1 b4 18. Na4 Qa5 19. b3 e5 20. fxe5 Ncxe5 21. Nxe5 Bxe5
22. Re2 Qc7 23. Qg5 Qd6 24. Rbe1 Rxf2 25. Rxe5 Rxg2+ 26. Kxg2 Nxe5 27. Qxe5
Qxe5 28. Rxe5 c4 29. Nb6 d4+ 30. Kf2 Rf8+ 31. Ke2 Bf3+ 32. Ke1 cxd3 33. cxd3
Bg2 34. Nc4 h6 35. h4 Rf1+ 36. Ke2 Ra1 37. Ra5 Bf1+ 38. Kd2 Bh3 39. Rxa6 Rg1
40. a4 bxa3 41. Rxa3 Rg2+ 42. Kc1 Rxg3 43. b4 Bg2 44. b5 g5 45. h5 g4 46. b6
Rh3 47. Ra2 Rh1+ 48. Kd2 g3 49. Ke2 Bb7 50. Rb2 g2 0-1

[Event "18th HZ Open 2014"]
[Site "Vlissingen NED"]
[Date "2014.08.02"]
[Round "1.37"]
[White "Burg, H."]
[Black "Sanders, I."]
[Result "0-1"]
[WhiteElo "1845"]
[BlackElo "2282"]
[PlyCount "80"]
[EventDate "2014.08.02"]
[EventType "swiss"]
[EventRounds "9"]
[EventCountry "NED"]
[Source "Mark Crowther"]
[SourceDate "2014.08.04"]

1. e4 e6 2. d4 d5 3. exd5 exd5 4. Bd3 c5 5. dxc5 Bxc5 6. Nf3 Nf6 7. O-O O-O 8.
Nc3 h6 9. h3 Nc6 10. Bf4 Be6 11. Nb5 Bb6 12. c3 Ne4 13. Nbd4 Qf6 14. Be3 Rad8
15. Nxe6 fxe6 16. Bxb6 axb6 17. Qe2 Nc5 18. Bb5 Ne7 19. Qe5 Ng6 20. Qxf6 gxf6
21. Rad1 e5 22. Rfe1 Kg7 23. g3 Rd6 24. Kg2 Rfd8 25. Nd2 e4 26. Nb3 Nxb3 27.
axb3 f5 28. Rd4 Ne5 29. Be2 Nc6 30. Ra4 d4 31. cxd4 Nxd4 32. Ra7 R6d7 33. f3 e3
34. Ra4 Nxe2 35. Rxe2 Rd2 36. Kf1 Rd1+ 37. Re1 R8d2 38. Ra1 e2+ 39. Kf2 Rxa1
40. Rxa1 Rd1 0-1

[Event "18th HZ Open 2014"]
[Site "Vlissingen NED"]
[Date "2014.08.02"]
[Round "1.38"]
[White "Vedder, R."]
[Black "Van Hille, Reinout"]
[Result "1/2-1/2"]
[WhiteElo "2277"]
[BlackElo "1843"]
[PlyCount "76"]
[EventDate "2014.08.02"]
[EventType "swiss"]
[EventRounds "9"]
[EventCountry "NED"]
[Source "Mark Crowther"]
[SourceDate "2014.08.04"]

1. e4 e6 2. d4 d5 3. exd5 exd5 4. Bd3 Bd6 5. Qf3 Nc6 6. c3 Be6 7. Bf4 Nf6 8. h3
O-O 9. Nd2 Ne7 10. Ne2 Qd7 11. g4 c5 12. Bxd6 Qxd6 13. dxc5 Qxc5 14. Nb3 Qc7
15. Nbd4 Nc6 16. Qf4 Qb6 17. g5 Nd7 18. Qh4 g6 19. O-O-O Rac8 20. Qf4 Nde5 21.
h4 Nxd3+ 22. Rxd3 Qa6 23. Rdd1 Qxa2 24. Nxe6 fxe6 25. Qg4 Rce8 26. h5 Ne5 27.
Qb4 Nd3+ 28. Rxd3 Qa1+ 29. Kd2 Qxh1 30. hxg6 hxg6 31. f4 b6 32. Re3 Qh2 33. Qd6
Kf7 34. Kd3 Qh1 35. Kd2 Qb1 36. b4 Qb2+ 37. Kd3 Qb1+ 38. Kd2 Qa2+ 1/2-1/2

[Event "18th HZ Open 2014"]
[Site "Vlissingen NED"]
[Date "2014.08.02"]
[Round "1.39"]
[White "Hahnen, E."]
[Black "Kevlishvili, Robby"]
[Result "0-1"]
[WhiteElo "1842"]
[BlackElo "2277"]
[PlyCount "48"]
[EventDate "2014.08.02"]
[EventType "swiss"]
[EventRounds "9"]
[EventCountry "NED"]
[Source "Mark Crowther"]
[SourceDate "2014.08.04"]

1. d4 d5 2. e3 Nf6 3. Bd3 c5 4. c3 e6 5. f4 Nc6 6. Nd2 Bd7 7. Ngf3 Bd6 8. Ne5
Qe7 9. Qf3 O-O-O 10. O-O Ne8 11. Qh3 Nc7 12. Ndf3 f6 13. Nxd7 Qxd7 14. e4 cxd4
15. exd5 Nxd5 16. Nxd4 Bc5 17. Re1 Nxd4 18. cxd4 Bxd4+ 19. Kh1 Nc7 20. Be4 f5
21. Bc2 Qc6 22. Qb3 Rhe8 23. Be3 Bxe3 24. Rxe3 Rd2 0-1

[Event "18th HZ Open 2014"]
[Site "Vlissingen NED"]
[Date "2014.08.02"]
[Round "1.40"]
[White "Raghavi, N."]
[Black "Lobersli, Henrik Oie"]
[Result "1-0"]
[WhiteElo "2275"]
[BlackElo "1839"]
[PlyCount "121"]
[EventDate "2014.08.02"]
[EventType "swiss"]
[EventRounds "9"]
[EventCountry "NED"]
[Source "Mark Crowther"]
[SourceDate "2014.08.04"]

1. e4 e5 2. Nf3 Nc6 3. Bb5 Nf6 4. Nc3 d6 5. d4 exd4 6. Nxd4 Bd7 7. Bf4 Nxd4 8.
Bxd7+ Qxd7 9. Qxd4 Be7 10. O-O-O O-O 11. e5 Ne8 12. Nd5 Bd8 13. exd6 Nxd6 14.
Rhe1 Qf5 15. g4 Qg6 16. h4 Nb5 17. Qc4 c6 18. Ne3 Bb6 19. Nf5 Kh8 20. f3 Rfe8
21. Ne7 Qf6 22. g5 Qxe7 23. Rxe7 Rxe7 24. a4 Nc7 25. a5 Bf2 26. Bxc7 Rxc7 27.
h5 Be3+ 28. Kb1 Bxg5 29. Rd6 h6 30. f4 Be7 31. Rd3 Bf6 32. Qc5 a6 33. Ka2 Re7
34. Rd6 Rae8 35. Qb6 Kg8 36. c3 Kh8 37. Kb3 Kg8 38. Qg1 Kh8 39. Qg4 Kh7 40.
Qf5+ Kh8 41. Rd7 Rxd7 42. Qxd7 Re7 43. Qf5 Re6 44. Kc4 Kg8 45. Kc5 Bd8 46. b4
Bc7 47. Kc4 Bd6 48. Qd3 Bf8 49. Qd7 Re4+ 50. Kb3 Re7 51. Qc8 g6 52. f5 gxf5 53.
Qxf5 Re6 54. Qf4 Kg7 55. Qg3+ Kh7 56. Qb8 Kg7 57. Qxb7 c5 58. b5 axb5 59. Qxb5
Re1 60. a6 Ra1 61. Kb2 1-0

[Event "18th HZ Open 2014"]
[Site "Vlissingen NED"]
[Date "2014.08.02"]
[Round "1.42"]
[White "Linster, P."]
[Black "Dardha, B."]
[Result "1-0"]
[WhiteElo "2269"]
[BlackElo "1825"]
[PlyCount "53"]
[EventDate "2014.08.02"]
[EventType "swiss"]
[EventRounds "9"]
[EventCountry "NED"]
[Source "Mark Crowther"]
[SourceDate "2014.08.04"]

1. Nf3 Nf6 2. g3 g6 3. Bg2 Bg7 4. O-O O-O 5. d3 d5 6. Nbd2 c5 7. e4 dxe4 8.
dxe4 Nc6 9. c3 Ng4 10. Qe2 Nge5 11. Ne1 Qc7 12. f4 Nd7 13. Nef3 a6 14. e5 e6
15. Ne4 Nb6 16. Be3 Nd7 17. Qf2 b6 18. Nd6 a5 19. Nxc8 Raxc8 20. Ng5 Ne7 21.
Rad1 Nf5 22. Bc1 Rfd8 23. g4 Ne7 24. Ne4 Rb8 25. Nd6 Bf8 26. Be3 Nc8 27. Nb5
1-0

[Event "18th HZ Open 2014"]
[Site "Vlissingen NED"]
[Date "2014.08.02"]
[Round "1.43"]
[White "Mentink, T."]
[Black "Schippers, Maurice"]
[Result "0-1"]
[WhiteElo "1819"]
[BlackElo "2267"]
[PlyCount "108"]
[EventDate "2014.08.02"]
[EventType "swiss"]
[EventRounds "9"]
[EventCountry "NED"]
[Source "Mark Crowther"]
[SourceDate "2014.08.04"]

1. Nf3 Nf6 2. c4 e6 3. g3 b6 4. Bg2 Bb7 5. O-O Be7 6. Nc3 c5 7. e3 O-O 8. d4
cxd4 9. exd4 Qc8 10. b3 d5 11. Bf4 dxc4 12. Rc1 Nd5 13. Nxd5 exd5 14. bxc4 dxc4
15. Re1 Bb4 16. Re3 c3 17. Qb3 Ba5 18. Re5 Nc6 19. Rh5 Qg4 20. Rg5 Qd7 21. Ne5
Nxe5 22. Bxe5 g6 23. Bxb7 Qxb7 24. Bd6 Rfd8 25. Rxa5 Rxd6 26. Rc5 Rxd4 27.
R5xc3 Rd7 28. Qc2 Rad8 29. Re3 h5 30. Rce1 Qd5 31. Qc3 Qd4 32. Qc6 Qd6 33. Re8+
Rxe8 34. Rxe8+ Kg7 35. Qxd6 Rxd6 36. Re7 a5 37. Re4 Rd2 38. a4 Rb2 39. Rc4 Kf6
40. h4 Ke5 41. Rc7 Rb4 42. Rxf7 Rxa4 43. Kg2 Rd4 44. Re7+ Kf6 45. Rb7 Rd6 46.
Kf3 Ke5 47. Ke3 Kd5 48. Rf7 Kc4 49. f3 a4 50. g4 hxg4 51. fxg4 a3 52. Kf4 a2
53. Ra7 Kb3 54. Ke5 Rc6 0-1

[Event "18th HZ Open 2014"]
[Site "Vlissingen NED"]
[Date "2014.08.02"]
[Round "1.44"]
[White "Kartsev, So"]
[Black "Braun, Eri"]
[Result "1-0"]
[WhiteElo "2264"]
[BlackElo "1817"]
[PlyCount "57"]
[EventDate "2014.08.02"]
[EventType "swiss"]
[EventRounds "9"]
[EventCountry "NED"]
[Source "Mark Crowther"]
[SourceDate "2014.08.04"]

1. Nf3 Nf6 2. g3 g6 3. Bg2 Bg7 4. O-O O-O 5. c4 c5 6. Nc3 d6 7. e3 Nc6 8. d4
Qc7 9. b3 e5 10. Bb2 Bg4 11. Nb5 Qe7 12. dxc5 dxc5 13. Qd6 Rfe8 14. h3 Bxf3 15.
Bxf3 e4 16. Bg2 Rad8 17. Qxe7 Rxe7 18. Rad1 Nd7 19. Ba3 f5 20. g4 fxg4 21. hxg4
Rf8 22. Nd6 Nce5 23. Nxb7 Nf3+ 24. Bxf3 Rxf3 25. Nxc5 Nxc5 26. Bxc5 Re5 27.
Rd8+ Kf7 28. Rd7+ Ke6 29. Re7+ 1-0

[Event "18th HZ Open 2014"]
[Site "Vlissingen NED"]
[Date "2014.08.02"]
[Round "1.45"]
[White "Markus, Gi"]
[Black "Provoost, S."]
[Result "0-1"]
[WhiteElo "1815"]
[BlackElo "2260"]
[PlyCount "66"]
[EventDate "2014.08.02"]
[EventType "swiss"]
[EventRounds "9"]
[EventCountry "NED"]
[Source "Mark Crowther"]
[SourceDate "2014.08.04"]

1. Nf3 d5 2. c4 c6 3. d4 Nf6 4. e3 a6 5. cxd5 cxd5 6. Nc3 Nc6 7. Be2 Bf5 8. a3
e6 9. O-O Bd6 10. b4 O-O 11. Bb2 Qc7 12. b5 Na5 13. bxa6 bxa6 14. Ne5 Rfb8 15.
Ra2 Rxb2 16. Rxb2 Qxc3 17. Rb6 Bxe5 18. dxe5 Nd7 19. Rxa6 Rxa6 20. Bxa6 Qxa3
21. Qc1 Qxc1 22. Rxc1 g5 23. f4 gxf4 24. exf4 Nb3 25. Rc7 Ndc5 26. Bb5 d4 27.
Kf2 d3 28. Bc4 d2 29. Rc8+ Kg7 30. Rd8 Bg4 31. Be2 Ne4+ 32. Ke3 Bxe2 33. Kxe2
Nc3+ 0-1

[Event "18th HZ Open 2014"]
[Site "Vlissingen NED"]
[Date "2014.08.02"]
[Round "1.46"]
[White "Visser, HJ."]
[Black "Van Hoorebeke, Jimmy"]
[Result "1-0"]
[WhiteElo "2256"]
[BlackElo "1812"]
[PlyCount "125"]
[EventDate "2014.08.02"]
[EventType "swiss"]
[EventRounds "9"]
[EventCountry "NED"]
[Source "Mark Crowther"]
[SourceDate "2014.08.04"]

1. e4 c6 2. d4 d5 3. e5 c5 4. dxc5 e6 5. Be3 Nc6 6. Bb5 Bd7 7. Bxc6 Bxc6 8. Bd4
Ne7 9. c3 Ng6 10. Nf3 Be7 11. O-O O-O 12. Re1 Qc7 13. Qe2 b6 14. cxb6 axb6 15.
Qe3 Ra6 16. Nbd2 Rfa8 17. a3 Bb5 18. g3 Bf8 19. Kg2 Ne7 20. g4 Nc6 21. Rec1 Na5
22. b3 Nb7 23. a4 Nc5 24. Rab1 Bc6 25. b4 Bxa4 26. c4 Nd7 27. cxd5 Qb7 28. d6
Rc8 29. Rxc8 Qxc8 30. b5 Ra5 31. Bxb6 Rxb5 32. Rxb5 Bxb5 33. Bc7 Qa8 34. Qc3
Bc6 35. Kg3 g6 36. Nd4 Bd5 37. f4 Qa2 38. N2f3 Qb1 39. g5 Qe4 40. Qc2 Qe3 41.
Qd2 Qa3 42. Qa5 Qe3 43. Qe1 Qa3 44. Ba5 h5 45. h4 Qd3 46. Qc3 Qa6 47. Qc7 Bxf3
48. Nxf3 Qb5 49. Bb4 Nb6 50. Qc5 Qxc5 51. Bxc5 Nd7 52. Bb4 Bg7 53. Nd4 Kf8 54.
Nc6 Ke8 55. Kf3 Nb6 56. Ke4 Kd7 57. Na5 Nd5 58. Bd2 Bf8 59. Kd4 Bg7 60. Kc5 Bf8
61. Kb5 Kc8 62. Kc6 Kd8 63. Nb7+ 1-0

[Event "18th HZ Open 2014"]
[Site "Vlissingen NED"]
[Date "2014.08.02"]
[Round "1.47"]
[White "Timmermans, Adri"]
[Black "Colijn, S."]
[Result "1-0"]
[WhiteElo "1809"]
[BlackElo "2254"]
[PlyCount "72"]
[EventDate "2014.08.02"]
[EventType "swiss"]
[EventRounds "9"]
[EventCountry "NED"]
[Source "Mark Crowther"]
[SourceDate "2014.08.04"]

1. e4 d6 2. d4 Nf6 3. Nc3 c6 4. f4 Qa5 5. Bd2 e5 6. Nf3 exd4 7. Nxd4 Qb6 8. Nb3
g6 9. Qf3 Bg7 10. Be2 O-O 11. Qf2 Qc7 12. O-O b5 13. Bf3 Bb7 14. Be3 Nbd7 15.
Rad1 Rfe8 16. Nd2 a6 17. g4 b4 18. Ne2 c5 19. Qg2 Nxe4 20. Bxe4 Rxe4 21. Nxe4
Re8 22. N2g3 d5 23. Qd2 d4 24. Nxc5 Nxc5 25. Bxd4 Rd8 26. c3 Ne6 27. Qe3 Qc6
28. Rf2 Nxd4 29. cxd4 h5 30. gxh5 gxh5 31. d5 Rxd5 32. Rxd5 Qxd5 33. Rd2 Qc6
34. Rd8+ Bf8 35. Kf1 Qb5+ 36. Ne2 Qb6 1-0

[Event "18th HZ Open 2014"]
[Site "Vlissingen NED"]
[Date "2014.08.02"]
[Round "1.48"]
[White "Beeke, B."]
[Black "Van Baar, Esper"]
[Result "1-0"]
[WhiteElo "2243"]
[BlackElo "1807"]
[PlyCount "80"]
[EventDate "2014.08.02"]
[EventType "swiss"]
[EventRounds "9"]
[EventCountry "NED"]
[Source "Mark Crowther"]
[SourceDate "2014.08.04"]

1. d4 Nf6 2. Nf3 d5 3. c4 e6 4. Nc3 Be7 5. cxd5 exd5 6. Bf4 O-O 7. Qc2 c6 8. e3
Bd6 9. Bg5 Nbd7 10. Bd3 Qa5 11. O-O h6 12. Bh4 c5 13. Bf5 c4 14. Nd2 Re8 15. b3
Bb4 16. Rfc1 Bxc3 17. Qxc3 Qxc3 18. Rxc3 Nb6 19. Bc2 Be6 20. bxc4 dxc4 21. Bxf6
gxf6 22. e4 Rac8 23. a4 Rc7 24. a5 Na8 25. d5 Bd7 26. Rxc4 Bb5 27. Rxc7 Nxc7
28. Ba4 Rc8 29. f3 Kf8 30. Kf2 Ke7 31. Ke3 Bxa4 32. Rxa4 Na6 33. Rc4 Rc5 34.
Rxc5 Nxc5 35. Kd4 Na6 36. Nc4 Nb4 37. Ne3 h5 38. h4 Kd7 39. g4 hxg4 40. fxg4
Ke7 1-0

[Event "18th HZ Open 2014"]
[Site "Vlissingen NED"]
[Date "2014.08.02"]
[Round "1.49"]
[White "Kuiper, W."]
[Black "Rebers, E."]
[Result "0-1"]
[WhiteElo "1803"]
[BlackElo "2240"]
[PlyCount "74"]
[EventDate "2014.08.02"]
[EventType "swiss"]
[EventRounds "9"]
[EventCountry "NED"]
[Source "Mark Crowther"]
[SourceDate "2014.08.04"]

1. e4 c5 2. b4 cxb4 3. Nf3 d5 4. exd5 Qxd5 5. c4 Qd8 6. d4 Nf6 7. Be2 e6 8. O-O
Nc6 9. a3 Be7 10. axb4 Nxb4 11. Nc3 O-O 12. Ne5 Nd7 13. f4 f6 14. Ng4 Nc6 15.
Kh1 f5 16. Ne3 Bf6 17. Nc2 a6 18. Ra3 Kh8 19. Be3 b6 20. Nb5 Rb8 21. Nd6 Be7
22. c5 Bxd6 23. cxd6 Nf6 24. Bf2 Qxd6 25. Bh4 Nd5 26. Rh3 g6 27. Qe1 Rb7 28.
Bxa6 Rbf7 29. Bc4 Nf6 30. Bb5 Ne7 31. Bg5 Ne4 32. Bh4 Bb7 33. Ne3 Bd5 34. Bc4
Rc8 35. Bxd5 Nxd5 36. Rff3 Rfc7 37. Bg5 Nxe3 0-1

[Event "18th HZ Open 2014"]
[Site "Vlissingen NED"]
[Date "2014.08.02"]
[Round "1.50"]
[White "Van den Berg, Ad"]
[Black "Jonkheer, A."]
[Result "1-0"]
[WhiteElo "2235"]
[BlackElo "1800"]
[PlyCount "47"]
[EventDate "2014.08.02"]
[EventType "swiss"]
[EventRounds "9"]
[EventCountry "NED"]
[Source "Mark Crowther"]
[SourceDate "2014.08.04"]

1. e4 e6 2. d4 d5 3. Nc3 Nf6 4. e5 Nfd7 5. f4 c5 6. Nf3 Nc6 7. Be3 cxd4 8. Nxd4
a6 9. Qd2 Nxd4 10. Bxd4 Qc7 11. O-O-O Nb6 12. Qf2 Nc4 13. Bd3 Bd7 14. Rhe1 Rc8
15. f5 Qa5 16. fxe6 Bxe6 17. Bxc4 Rxc4 18. Bb6 Qb4 19. a3 Qe7 20. Nxd5 Qg5+ 21.
Kb1 Bxd5 22. Rxd5 Rf4 23. Qd2 Be7 24. Be3 1-0

[Event "18th HZ Open 2014"]
[Site "Vlissingen NED"]
[Date "2014.08.03"]
[Round "2.1"]
[White "Bu Xiangzhi"]
[Black "Maris, Iv"]
[Result "1-0"]
[WhiteElo "2707"]
[BlackElo "2178"]
[PlyCount "68"]
[EventDate "2014.08.02"]
[EventType "swiss"]
[EventRounds "9"]
[EventCountry "NED"]
[Source "Mark Crowther"]
[SourceDate "2014.08.04"]

1. Nf3 Nf6 2. c4 c5 3. Nc3 Nc6 4. g3 g6 5. d4 cxd4 6. Nxd4 Bg7 7. Bg2 O-O 8.
O-O Qa5 9. Nb3 Qh5 10. e4 Qxd1 11. Rxd1 d6 12. h3 Nd7 13. f4 a5 14. Na4 Rb8 15.
Be3 Nb4 16. Rd2 b6 17. e5 dxe5 18. Rad1 exf4 19. gxf4 Nxa2 20. Rxd7 Bxd7 21.
Rxd7 b5 22. cxb5 Rxb5 23. Nbc5 Bxb2 24. Nxb2 Rxb2 25. Rxe7 Nc3 26. f5 a4 27.
Ra7 Re8 28. Bh6 Rb5 29. Bc6 Rb1+ 30. Kg2 Reb8 31. Nd7 R8b2+ 32. Kf3 Rf1+ 33.
Ke3 Nd1+ 34. Kd4 Rb4+ 1-0

[Event "18th HZ Open 2014"]
[Site "Vlissingen NED"]
[Date "2014.08.03"]
[Round "2.2"]
[White "Van Der Heide, Auke"]
[Black "Fedorchuk, S."]
[Result "0-1"]
[WhiteElo "2181"]
[BlackElo "2665"]
[PlyCount "74"]
[EventDate "2014.08.02"]
[EventType "swiss"]
[EventRounds "9"]
[EventCountry "NED"]
[Source "Mark Crowther"]
[SourceDate "2014.08.04"]

1. d4 Nf6 2. c4 e6 3. g3 Bb4+ 4. Bd2 a5 5. Bg2 O-O 6. Nf3 b6 7. Ne5 c6 8. O-O
d5 9. cxd5 cxd5 10. Nc3 Ba6 11. Re1 Nfd7 12. Nf3 Nc6 13. Rc1 Rc8 14. e4 dxe4
15. Nxe4 Be7 16. a3 Nf6 17. Bc3 Nxe4 18. Rxe4 Bc4 19. Ne5 Bd5 20. Re2 Bxg2 21.
Kxg2 Qd5+ 22. f3 Bf6 23. Nxc6 Rxc6 24. Re4 Rfc8 25. Qg1 h6 26. h4 Rc4 27. Qe3
b5 28. Bd2 Rxc1 29. Bxc1 Rc2+ 30. Bd2 Rxb2 31. Qc3 Qa2 32. Re2 b4 33. axb4 axb4
34. Qd3 Qd5 35. Re4 b3 36. Kh3 Rc2 37. Rg4 Qc4 0-1

[Event "18th HZ Open 2014"]
[Site "Vlissingen NED"]
[Date "2014.08.03"]
[Round "2.3"]
[White "Krasenkow, M."]
[Black "Stolwijk, Colin"]
[Result "1-0"]
[WhiteElo "2628"]
[BlackElo "2164"]
[PlyCount "69"]
[EventDate "2014.08.02"]
[EventType "swiss"]
[EventRounds "9"]
[EventCountry "NED"]
[Source "Mark Crowther"]
[SourceDate "2014.08.04"]

1. Nf3 d5 2. d4 Nf6 3. c4 c6 4. Qb3 dxc4 5. Qxc4 Bf5 6. Nc3 e6 7. Bg5 Be7 8.
Bxf6 Bxf6 9. e4 Bg4 10. O-O-O Nd7 11. e5 Nb6 12. Qe2 Be7 13. Qe3 Nd5 14. Nxd5
Qxd5 15. Kb1 a5 16. Bd3 a4 17. h3 Bxf3 18. gxf3 a3 19. b3 O-O-O 20. Be4 Qa5 21.
Rc1 Kb8 22. f4 g6 23. Rc4 Bb4 24. Rd1 Rd7 25. h4 h5 26. Bf3 Qb6 27. d5 Qxe3 28.
fxe3 Be7 29. d6 Bxh4 30. Ra4 Bf2 31. Rd3 Rdd8 32. b4 Kc8 33. Ra7 Be1 34. b5
cxb5 35. d7+ 1-0

[Event "18th HZ Open 2014"]
[Site "Vlissingen NED"]
[Date "2014.08.03"]
[Round "2.4"]
[White "Goormachtigh, J."]
[Black "Ernst, S."]
[Result "0-1"]
[WhiteElo "2176"]
[BlackElo "2566"]
[PlyCount "168"]
[EventDate "2014.08.02"]
[EventType "swiss"]
[EventRounds "9"]
[EventCountry "NED"]
[Source "Mark Crowther"]
[SourceDate "2014.08.04"]

1. d4 Nf6 2. c4 c6 3. Nc3 d5 4. Nf3 dxc4 5. a4 e6 6. e3 c5 7. Bxc4 Nc6 8. O-O
Be7 9. Qe2 cxd4 10. exd4 O-O 11. Rd1 Nb4 12. Bg5 h6 13. Bxf6 Bxf6 14. d5 exd5
15. Nxd5 Nxd5 16. Bxd5 Qe8 17. Qc4 Be6 18. Bxe6 Qxe6 19. Qxe6 fxe6 20. Rd7 Rab8
21. Rb1 Rfd8 22. Rxd8+ Rxd8 23. Kf1 Rd3 24. b3 Rc3 25. Ne1 Kf7 26. Ke2 Kg6 27.
Kd2 Kf5 28. Nc2 Rc7 29. Ne3+ Ke4 30. Nc4 Rd7+ 31. Kc2 Bd4 32. Re1+ Kf5 33. Rd1
e5 34. f3 a6 35. a5 h5 36. Re1 g5 37. h3 Kf4 38. Re4+ Kg3 39. Re2 Rd5 40. b4
Rd8 41. Nd2 h4 42. Nf1+ Kf4 43. Re4+ Kf5 44. Ne3+ Ke6 45. Nc4 Rd5 46. Kb3 Kf6
47. Rg4 Bf2 48. Re4 Bg3 49. Kc2 Bf4 50. Re2 Ke6 51. Re4 Rd8 52. Re1 Rd4 53. Re4
Rd5 54. Re1 Bg3 55. Re4 Rd8 56. Ne3 Rc8+ 57. Nc4 Rd8 58. Re2 Rd4 59. Re4 Kd5
60. Ne3+ Ke6 61. Nc4 Rd5 62. Re2 Bh2 63. Re4 Bg1 64. Rg4 Kf6 65. Re4 Bd4 66.
Re2 Rd7 67. Re4 Rc7 68. Kb3 Kf5 69. Ne3+ Ke6 70. Nc4 Re7 71. Rg4 Rg7 72. Re4
Rg6 73. Re2 Kf5 74. Re4 Re6 75. Kc2 Rc6 76. Kb3 Kf6 77. Re2 Ke6 78. Re4 Kf5 79.
Ne3+ Bxe3 80. Rxe3 Rd6 81. Re4 Rd2 82. Rg4 Rd4 83. Rxd4 exd4 84. Kc4 Ke5 0-1